| 000 | 01032nam a22003137a 4500 | ||
|---|---|---|---|
| 001 | BR8701490 | ||
| 003 | BR-BrBNA | ||
| 005 | 20230928092420.0 | ||
| 007 | ta | ||
| 008 | 230509b bl.||||| |||| 00| 0 por d | ||
| 040 |
_aBR-BrBNA _bpor _cBiblioteca Nacional de Agricultura |
||
| 041 | _a(Por) | ||
| 072 |
_aP33 _b/G514 |
||
| 090 | _ P33 BR8701490 | ||
| 100 | 1 | _aPalladini, L.A. | |
| 100 | 1 | _aAlthoff, D.A. | |
| 110 | 1 | _aEmpresa Catarinense de Pesquisa Agropecuaria S.A., Florianopolis, SC (Brasil) | |
| 245 | 1 | _aBalanco hidrico seriado por decendio - Campos Novos/Santa Catarina [Brasil] | |
| 260 | 3 |
_aFlorianopolis, SC (Brasil): _c1983. |
|
| 300 | _a20 p. | ||
| 500 | _a6 graphs; 8 tables. (*) Documento disponível na(o) Empresa Catarinense de Pesquisa Agropecuaria S.A., Florianopolis, SC (Brazil) | ||
| 650 | _aBALANCO HIDRICO | ||
| 650 | _aEVAPOTRANSPIRACAO | ||
| 650 | _aPRECIPITACAO PLUVIAL | ||
| 650 | _aCAMPOS NOVOS | ||
| 650 | _aSANTA CATARINA | ||
| 909 |
_a202309 _bLucia _c55 _dLucia Elande |
||
| 942 | _cBK | ||
| 999 |
_c38923 _d38923 |
||